000 01056nam0a2200253 4500
001 RU\NLR\BIBL_A\010971058
005 20250624204325.0
035 _a(NLR Aleph) 010971058
090 _a10822616
_c10822616
100 _a20160203d1958 |||y0rusy50 ca
101 0 _asah
102 _aRU
105 _aa z 000yy
200 1 _aТитириир ыарыы туһунан тугу билиллиэхтээҕэ
_fврач А. М. Кучерова
_gСаха АССР Доруобуйа харыстыбылын мин-вотын Санит. сырдатыытын дьитэ
210 _aЯкутскай
_cСаха сиринээҕи кинигэ изд-вота
_d1958
215 _a9,[1] c.
_cил.
_d22
541 1 _aЧто должен знать каждый о малярии
_zrus
606 1 _aМалярия
_91104501
_3RU\NLR\AUTH\66115697
686 1 _aР194.48
700 1 _aКучерова
_bА. И.
_gАнфиса Ивановна
_4070
852 _aNLR
_bОНЛ
_jЯкут./3-1028
942 _cBOOK
980 _aNB